| 000 | 00523nam a2200193Ia 4500 | ||
|---|---|---|---|
| 005 | 20250508160424.0 | ||
| 008 | 008 250505s9999 xx 000 0 eng d | ||
| 037 | _aTextual | ||
| 040 |
_aFEDL _beng _cFEDL |
||
| 041 |
_aeng _2eng |
||
| 084 |
_a370.1, PAI _qFEDL |
||
| 100 |
_aPai Young _9768455 |
||
| 245 | 0 | _aPhilosophic problems and education | |
| 300 | _axii,467p. | ||
| 650 | _aEducation - Philosophy | ||
| 700 |
_a Myers Joseph _9768456 |
||
| 942 |
_cTEXL _h370.1, PAI |
||
| 999 |
_c1364506 _d1364506 |
||